000 01016cab a2200265 4500
001 WB3510-41
008 090401t1999 xxu||||| |||| 00| 0 eng d
035 _a(Sirsi) u91956
041 _aeng
245 _aMore mixed tenure to fight exclusion
260 _c1999
350 _a0
490 _aHousing Today
_v(123) 4 March 1999, 5(1)
520 _aThe Joseph Rowntree Foundation's inquiry, Inclusive housing: the role of low-cost home ownership calls for current social housing arrangements to be relaxed to allow more mixed tenure developments, the nature and balance of which should be decided at a local level. It also suggests an 'affordable housing unified grant' (AHUG) to replace existing funding.
650 _aAffordable housing
_96215
650 _aHOME OWNERSHIP
650 _aHOUSING POLICY
650 _aJOSEPH ROWNTREE FOUNDATION
650 _aLOCAL NEEDS
650 _aMIXED TENURE
650 _aSINGLE TENURE
690 _aHOUSING-DEVELOPMENT
942 _n0
948 _c11/03/1999
999 _c58308
_d58308